| 000 | 00797cab a2200265 4500 | ||
|---|---|---|---|
| 001 | WB3509-17 | ||
| 008 | 090401t1999 xxu||||| |||| 00| 0 eng d | ||
| 035 | _a(Sirsi) u91788 | ||
| 041 | _aeng | ||
| 245 | _aNew initiative for rural development | ||
| 260 | _c1999 | ||
| 350 | _a0 | ||
| 490 |
_aMAFF News Release _v(72/99) 1 March 1999 (2) |
||
| 520 | _aA 2 year experiment was launched by the Government to test measures to bind together rural economic development with environment measures. | ||
| 650 | _aCOUNTRYSIDE STEWARDSHIP | ||
| 650 | _aENVIRONMENTAL MANAGEMENT | ||
| 650 | _aEU FUNDING | ||
| 650 | _aMAFF | ||
| 650 | _aOBJECTIVE 5B | ||
| 650 | _aRURAL DEVELOPMENT | ||
| 650 | _aRURAL ECONOMIC DEVELOPMENT | ||
| 690 | _aCONSERVATION | ||
| 942 | _n0 | ||
| 948 | _c04/03/1999 | ||
| 999 |
_c58252 _d58252 |
||